000
00219nam a2200097Ia 4500
008
240331s9999 xx 000 0 und d
082
_b
SOC
100
_a
Muthiah,W. ed
245
0
_a
Socialist women of Sri Lanka
942
_c
L
999
_c
1705
_d
1705